ديوان ابى الطيب المتنبى : (Record no. 179549)

MARC details
000 -LEADER
fixed length control field 01605namaa2200313 i 4500
003 - CONTROL NUMBER IDENTIFIER
control field EG-GICUC
005 - DATE AND TIME OF LATEST TRANSACTION
control field 20260418120949.0
008 - FIXED-LENGTH DATA ELEMENTS--GENERAL INFORMATION
fixed length control field 260418s1961 le |||jr|||| 001 p ara d
040 ## - CATALOGING SOURCE
Original cataloging agency EG-GiCUC
Language of cataloging ara
Transcribing agency EG-GiCUC
Modifying agency EG-GiCUC
Description conventions rda
082 04 - DEWEY DECIMAL CLASSIFICATION NUMBER
Edition number 21
Classification number 811.5
Item number M9922d
092 04 - LOCALLY ASSIGNED DEWEY CALL NUMBER (OCLC)
Edition number 21
Classification number 811.5
Item number M9922d
099 ## - LOCAL FREE-TEXT CALL NUMBER (OCLC)
Classification number 811.5 M9922d
100 1# - MAIN ENTRY--PERSONAL NAME
Personal name المتنبى، ابو الطيب احمد بن الحسين،
Fuller form of name أبو الطيب أحمد بن الحسين بن الحسن عبد الصمد الكندي الكوفي،
Dates associated with a name 915 965- 916او
Relator term مؤلف.
245 1# - TITLE STATEMENT
Title ديوان ابى الطيب المتنبى :
Remainder of title شرح الامام العلامة الواحدى/
Statement of responsibility, etc. تأليف الشيخ المعلم فريدرخ ديتريصى.
246 35 - VARYING FORM OF TITLE
Title proper/short title Mvtanabbii Carmina
264 ## - PRODUCTION, PUBLICATION, DISTRIBUTION, MANUFACTURE, AND COPYRIGHT NOTICE
Place of production, publication, distribution, manufacture بيروت (لبنان) :
Name of producer, publisher, distributor, manufacturer دار صادر،
Date of production, publication, distribution, manufacture, or copyright notice 1961.
300 ## - PHYSICAL DESCRIPTION
Extent مجلد 2؛
Dimensions 28 سم
Other physical details إيضاحيات، صور، مثيليات ؛ Illustrations
336 ## - CONTENT TYPE
Source rdacontent
Content type term text
337 ## - MEDIA TYPE
Source rdamedia
Media type term Unmediated
338 ## - CARRIER TYPE
Source rdacarrier
Carrier type term volume
504 ## - BIBLIOGRAPHY, ETC. NOTE
Bibliography, etc. note يشتمل على فهارس
541 ## - IMMEDIATE SOURCE OF ACQUISITION NOTE
Source of acquisition د. جابر عصفور ؛
Address القاهرة ؛
Method of acquisition إهداء ؛
Date of acquisition 2024.
600 10 - SUBJECT ADDED ENTRY--PERSONAL NAME
Personal name المتنبى، ابو الطيب احمد بن الحسين،
Fuller form of name أبو الطيب أحمد بن الحسين بن الحسن عبد الصمد الكندي الكوفي،
Dates associated with a name 915 965- 916او
9 (RLIN) 3502
650 17 - SUBJECT ADDED ENTRY--TOPICAL TERM
Topical term or geographic name entry element الشعر العربى
General subdivision تاريخ
Chronological subdivision العصر العباسى الثانى
Source of heading or term qrmak
650 17 - SUBJECT ADDED ENTRY--TOPICAL TERM
Topical term or geographic name entry element الشعر العربى
General subdivision دواوين وقصائد
Source of heading or term qrmak
651 1# - SUBJECT ADDED ENTRY--GEOGRAPHIC NAME
Source of heading or term qrmak
905 ## - Cataloger and Reviser Names
Cataloger Name Aya Mohamed
942 ## - ADDED ENTRY ELEMENTS (KOHA)
Source of classification or shelving scheme Dewey Decimal Classification
Koha item type Books
Edition 21
Suppress in OPAC No
Holdings
Withdrawn status Lost status Source of classification or shelving scheme Damaged status Not for loan Home library Current library Date acquired Inventory number Total checkouts Full call number Barcode Date last seen Price effective from Koha item type
    Dewey Decimal Classification   Not for loan المكتبة المركزبة الجديدة - جامعة القاهرة قاعة المكتبات المهداة - الدور الرابع 18.04.2026 175196   811.5 M9922d v.1 J.U. 01000100175196001 18.04.2026 18.04.2026 Books
    Dewey Decimal Classification   Not for loan المكتبة المركزبة الجديدة - جامعة القاهرة قاعة المكتبات المهداة - الدور الرابع 18.04.2026 175196   811.5 M9922d v.2 J.U. 01000100175196002 18.04.2026 18.04.2026 Books
Cairo University Libraries Portal Implemented & Customized by: Eng. M. Mohamady Contacts: new-lib@cl.cu.edu.eg | cnul@cl.cu.edu.eg
CUCL logo CNUL logo
© All rights reserved — Cairo University Libraries
CUCL logo
Implemented & Customized by: Eng. M. Mohamady Contact: new-lib@cl.cu.edu.eg © All rights reserved — New Central Library
CNUL logo
Implemented & Customized by: Eng. M. Mohamady Contact: cnul@cl.cu.edu.eg © All rights reserved — Cairo National University Library